|
|
|
|
| LEADER |
00899nam a2200205 i 4500 |
| 003 |
GR-PaULI |
| 005 |
20220610141850.0 |
| 008 |
220610s1995 gr g 000 1 gre d |
| 952 |
|
|
|0 0
|1 0
|2 ddc
|4 0
|6 889_330000000000000_ΦΡΑ
|7 1
|9 361173
|a LISP
|b LISP
|c DON
|d 2022-06-10
|e ΨΥΧ
|i 257660
|l 0
|o 889.33 ΦΡΑ
|p 025000293429
|r 2022-06-10 00:00:00
|t 1
|w 2022-06-10
|y BKN
|
| 999 |
|
|
|c 211060
|d 211060
|
| 040 |
|
|
|a GR-PaULI
|b gre
|c GR-PaULI
|e AACR2
|
| 082 |
0 |
4 |
|2 23
|a 889.33
|
| 100 |
1 |
|
|9 53835
|a Φράγκου - Κικίλια, Ρίτσα,
|d 1940-
|e συγγραφέας.
|
| 245 |
1 |
0 |
|a Κατραπακιάν /
|c Ρίτσα Φράγκου - Κικίλια.
|
| 260 |
|
|
|a Αθήνα :
|b Ίρις,
|c 1995.
|
| 300 |
|
|
|a 93 σ. ;
|c 21 εκ.
|
| 490 |
1 |
|
|a Ελληνική πεζογραφία (Ίρις):
|v 5
|
| 830 |
|
|
|9 192456
|a Ελληνική πεζογραφία (Ίρις)
|v 5
|
| 942 |
|
|
|2 ddc
|c BK
|
| 998 |
|
|
|c Σαλαμούρα
|d 2022-06
|